000 00438nam a2200181Ia 4500
001 9345
005 20260306161711.0
008 260306t2009||||xx |||||||||||||| ||spa||
041 _aESP
082 _a378.12
_bB16
100 _aBain, Ken
_eAUT
245 0 _aLo que hacen los mejores profesores de la universidad
260 _c2009
300 _a229 páginas :
_c21 cm.
650 _aGEN
654 _aCED
942 _cLIB
_dJUS
_fJUS
_2ddc
_n
999 _c9345
_d9345